Jatilizer and MrKnowItAll "H" Words - Statistics

General Stats
  • This quiz has been taken 1,108 times
    1,106 since last reset
  • The average score is 7 of 15
Answer Stats
Hint Answer % Correct
Sport played on ice Hockey
98%
Not sick Healthy
92%
A vital body organ Heart
92%
Frozen rain Hail
91%
Part of your foot Heel
85%
A word that sounds like another but with different meaning Homonym
78%
Any species of human Hominid
70%
To bother/type of dog Hound
51%
Misty/Foggy Hazy
50%
One who declines to participate Holdout
10%
To intimidate by arrogance Hector
6%
Purple Flower Heliotrope
4%
Horse tamer Hippodamist
3%
A one year old sheep or colt Hogget
3%
Old unit of land measure Hide
2%
No matching quizzes found
Score Distribution
Percent of People with Each Score
Percentile by Number Answered
Your Score History
You have not taken this quiz since the last reset